00680nam a2200229Ia 450000500170000000800410001702000180005804000180007604100080009408200230010210000190012524500520014425000120019626000420020830000270025065000230027765000400030065000320034065000290037265000220040165000270042320220727105141.0210716s2003 xx 000 0 und d a9788177222609 cAIMIT LIBRARY aeng a005.3028722bBEIB aBeizer, Boris. aSoftware testing techniques /cBy Boris Beizer. a2nd ed. aNew Delhi :bDreamtech Press ,c2003. axviii,550 p. ;c23 cm. aPurpose of testing aPlaying pool and consulting oracles aFlowgraphs and path testing aTransaction flow testing aData flow testing aMetrics and complexity